Koshachʹi͡a istorii͡a /

Saved in:
Bibliographic Details
Main Author: Podolʹskiĭ, Nalʹ, (Author)
Format: Book
Language:Russian
Published: Sankt-Peterburg : Limbus Press : Izdatelʹstvo K. Tublina, 2014.
Subjects:
Tags: Add Tag
No Tags, Be the first to tag this record!
LEADER 01119cam a2200301Ii 4500
001 014366602-9
005 20160201120021.0
008 141217s2014 ru 000 1 rusod
020 |a 9785837006791 
020 |a 5837006796 
035 0 |a ocn900162170 
040 |a EVIEW  |b eng  |e rda  |c EVIEW  |d LGG  |d DRB  |d ORU 
050 4 |a PG3485.2.D577  |b K67 2014 
100 1 |6 880-01  |a Podolʹskiĭ, Nalʹ,  |e author. 
245 1 0 |6 880-02  |a Koshachʹi͡a istorii͡a /  |c Nalʹ Podolʹskiĭ. 
264 1 |6 880-03  |a Sankt-Peterburg :  |b Limbus Press :  |b Izdatelʹstvo K. Tublina,  |c 2014. 
300 |a 275 pages ;  |c 19 cm 
336 |a text  |b txt  |2 rdacontent 
337 |a unmediated  |b n  |2 rdamedia 
338 |a volume  |b nc  |2 rdacarrier 
650 0 4 |a Literature (General) 
650 0 4 |a Prose. Prose fiction. 
880 1 |6 100-01  |a Подольский, Наль,  |e author. 
880 1 0 |6 245-02  |a Кошачья история /  |c Наль Подольский. 
880 1 |6 264-03  |a Санкт-Петербург :  |b Лимбус Пресс :  |b Издательство К. Тублина,  |c 2014. 
899 |a 415_565459 
988 |a 20150427 
906 |0 OCLC